Rozsypanka literowa (Postacie historyczne) - Statystyki

Ogólne statystyki
  • Ten quiz został rozwiązany 57 razy
  • Średni wynik to 3 z 10
Statystyki odpowiedzi
Rozsypanka Imię i nazwisko % Poprawnych
erhmo Homer
73%
apenpnbonaooel Napoleon Bonaparte
51%
ndfreydnallnamgae Ferdynand Magellan
47%
nsbtmnlieosuoui Benito Mussolini
38%
rbkkmyszzftouol Krzysztof Kolumb
33%
nndcajoaar Joanna d'Arc
27%
gnyjwszyezranto Jerzy Waszyngton
16%
ayśomkiicngci Ignacy Mościcki
13%
nshhcclinwiotur Winston Churchil
9%
rlsmoakrka Karol Marks
4%
Nie znaleziono quizów pasujących do podanych kryteriów
Rozkład punktacji
Procent ludzi z każdym wynikiem
Percentyl według liczby udzielonych odpowiedzi
Twoja historia wyników
Nie rozwiązałeś tego quizu